On history

Αποθηκεύτηκε σε:
Λεπτομέρειες βιβλιογραφικής εγγραφής
Κύριος συγγραφέας: Hobsbawm, E. J. (Eric J.), 1917-2012
Μορφή: Βιβλίο
Γλώσσα:English
Δημοσίευση: London : Weidenfeld and Nicolson, 1997.
Θέματα:
Ετικέτες: Προσθήκη ετικέτας
Δεν υπάρχουν, Καταχωρήστε ετικέτα πρώτοι!

MARC

LEADER 00000cam a2200000 i 4500
001 1/101516
008 000210s1997 enk| ||| |||| ||eng||
020 |a 0297819151 
035 |l 10057715 
040 |a GR-MyUa  |b gre  |e AACR2 
041 0 |a eng 
082 7 |a 901   |2 (22) 
100 1 |a Hobsbawm, E. J.   |q (Eric J.),   |d 1917-2012. 
245 1 0 |a On history /   |c Eric Hobsbawm. 
260 |a London :   |b Weidenfeld and Nicolson,   |c 1997. 
300 |a 305 σ. ;   |c 25 εκ. 
504 |a Περιλαμβάνει βιβλιογραφικές παραπομπές και ευρετήριο. 
650 0 |a History  |x Philosophy. 
650 0 |a Historiography. 
767 0 8 |i Μεταφρασμένο ως:   |t Για την ιστορία /  
852 |a INST  |b LESVOS  |e 20000210  |h 901 HOB  |p 005100021932  |q 005100021932  |t BK  |y 0 
901 |a BIBL1-2000-1 
970 |a ΚΑΜΑΤΣΟΥ  |b ΔΕΣΠΟΙΝΑ  |z 2000/02/10